Геологические исследования в золотоносных областях Сибири: Амурско-Приморский золотоносный район; Вып. 14; Геологические исследования в северо-западной части Амурско-Зейского водораздела; Геологические исследования в бассейнах рек Амазара, Белого и Черногорюма и в верховьях рек Олекмы, Тунгира и Нюкжи; Геологические исследования 1911 года в Нерчинском уезде Забайкальской области
| Sumario: | Печатано по распоряжению Геологического Комитета. |
|---|---|
| Lenguaje: | ruso |
| Publicado: |
СПб., Типография М. М. Стасюлевича, 1912
|
| TOC: | В. Зверев, Геологические исследования в северо-западной части Амурско-Зейского водораздела; Я. А. Макеров, Геологические исследования в бассейнах рек Амазара, Белого и Черногорюма и в верховьях рек Олекмы, Тунгира и Нюкжи; В. А. Вознесенский, Геологические исследования 1911 года в Нерчинском уезде Забайкальской области; |
| Materias: | |
| Formato: | MixedMaterials Libro |
| KOHA link: | https://koha.lib.tpu.ru/cgi-bin/koha/opac-detail.pl?biblionumber=296315 |
MARC
| LEADER | 00000nam0a2200000 4500 | ||
|---|---|---|---|
| 001 | 296315 | ||
| 005 | 20231101002732.0 | ||
| 035 | |a (RuTPU)RU\TPU\book\321416 | ||
| 035 | |a RU\TPU\book\321415 | ||
| 090 | |a 296315 | ||
| 100 | |a 20150529d1912 u y0rusy50 ca | ||
| 101 | 0 | |a rus | |
| 102 | |a RU | ||
| 105 | |a b z 000|y | ||
| 200 | 1 | |a Геологические исследования в золотоносных областях Сибири |e Амурско-Приморский золотоносный район |h Вып. 14 | |
| 210 | |a СПб. |c Типография М. М. Стасюлевича |d 1912 | ||
| 215 | |a 156 с. |c 3 карты | ||
| 300 | |a Печатано по распоряжению Геологического Комитета. | ||
| 464 | |t Геологические исследования в северо-западной части Амурско-Зейского водораздела |f В. Зверев | ||
| 464 | |t Геологические исследования в бассейнах рек Амазара, Белого и Черногорюма и в верховьях рек Олекмы, Тунгира и Нюкжи |f Я. А. Макеров | ||
| 464 | |t Геологические исследования 1911 года в Нерчинском уезде Забайкальской области |f В. А. Вознесенский | ||
| 610 | 1 | |a геология | |
| 610 | 1 | |a золото | |
| 610 | 1 | |a месторождения | |
| 610 | 1 | |a Сибирь | |
| 610 | 1 | |a исследования | |
| 610 | 1 | |a Амуро-Приморский район | |
| 675 | |a 553.411(571.6) |v 3 | ||
| 686 | |a Ч611.68 |v LBC/SL-A |2 rubbk | ||
| 801 | 0 | |a RU |b 63413507 |c 20011210 |g PSBO | |
| 801 | 2 | |a RU |b 63413507 |c 20150529 |g PSBO | |
| 942 | |c BK | ||